| 000 | 00868nam a2200289Ia 4500 | ||
|---|---|---|---|
| 003 | OSt | ||
| 005 | 20221006155843.0 | ||
| 006 | a|||||r|||| 00| 0 | ||
| 007 | ta | ||
| 008 | 221006b |||||||| |||| 00| 0 eng d | ||
| 020 |
_a9780824832858 _c¥6804 |
||
| 024 | _a43,682 | ||
| 037 |
_bGift, Japan Foundation _cTextual |
||
| 040 |
_aEASL _cEASL _beng |
||
| 041 |
_2eng _aeng |
||
| 082 | _aO42vN:g, P8 | ||
| 100 |
_aAOYAMA Tomoko Au. _9670625 |
||
| 245 | 0 | _aReading food in modern Japanese literature | |
| 260 |
_aHonolulu _bUniversity of Hawaii Press _c2008 |
||
| 300 |
_a273p. _ccm. |
||
| 490 | _v JEL | ||
| 650 |
_a Food in literature _9670626 |
||
| 650 | _a JEL | ||
| 650 |
_aJapanese literature - History and criticism _9655120 |
||
| 942 |
_hO42vN:g, P8 _cTEXL _2CC |
||
| 999 |
_c1111768 _d1111768 |
||